000 01115nam a22002777a 4500
999 _c118815
_d118815
003 dpl
005 20190112112406.0
008 190112b ||||| |||| 00| 0 eng d
010 _aA-855179
020 _c100.00
_a8185826536
035 _aA-855179, B-015204
037 _bCen Lib/Ret
040 _aDPL
_bHN
_c0
082 _a808.84
_bकपूर
100 _aकपूर, श्यामचंद्र
_943083
245 _aहिंदी निबंध सौरभ /
_cश्यामचंद्र कपूर
246 _aHindi nibandh sourabh
_bby Shyam chandra Kapoor
260 _aनई दिल्ली
_bग्रन्थ अकादेमी
_c1998
270 _a1686, पुराना दरिया गंज
_bनई दिल्ली
_e110002
300 _a154पृष्ठ.
_c20सेमी(सजिल्द)
650 _aहिंदी साहित्य
_982031
650 _aहिंदी निबंध
_982032
650 _aHindi literature
_982033
650 _aHindi Essay
_982034
942 _2ddc
_cHN
_h808.84
_mकपूर